Les 20 pays avec le taux de chômage le plus bas - Statistiques

Statistiques générales
  • Ce quiz a été pris 60 fois
  • Le résultat moyen est 7 sur 20
Statistiques - réponses
Rang Continent Pays % Correct
19 Asie Japon
96%
18 Europe Suisse
64%
14 Europe Monaco
56%
13 Asie Singapour
53%
4 Asie Thaïlande
49%
6 Europe Andorre
47%
7 Europe Liechtenstein
42%
15 Asie Vietnam
42%
1 Asie Qatar
40%
2 Asie Cambodge
36%
5 Asie Laos
35%
16 Asie Birmanie
31%
3 Afrique Niger
29%
20 Europe Malte
27%
11 Asie Bahrein
20%
17 Océanie Vanuatu
16%
9 Océanie Palaos
9%
12 Afrique Tchad
7%
10 Afrique Burundi
4%
8 Afrique Bénin
2%
Aucun quiz correspondant
Distribution des résultats
% des personnes avec chaque résultat
Percentile par nombre de réponses
Votre historique - résultats
Vous n’avez pas pris ce quiz